The roaring nineties : a new history of the world's most prosperous decade

Αποθηκεύτηκε σε:
Λεπτομέρειες βιβλιογραφικής εγγραφής
Κύριος συγγραφέας: Stiglitz, Joseph E.
Μορφή: Βιβλίο
Γλώσσα:English
Δημοσίευση: New York : W.W. Norton, c2003
Θέματα:
Ετικέτες: Προσθήκη ετικέτας
Δεν υπάρχουν, Καταχωρήστε ετικέτα πρώτοι!

MARC

LEADER 00000nam a2200000 i 4500
001 1/97981
008 081124s2003 eng d
020 |a 0-393-05852-2 
035 |l 10101920 
040 |a GR-MY-UA  |b gre  |e aacr 
041 0 |a eng 
082 0 |a 330.9730929  |2 (22) 
100 1 |a Stiglitz, Joseph E. 
245 1 4 |a The roaring nineties :  |b a new history of the world's most prosperous decade /  |c Joseph E. Stiglitz 
260 |a New York :   |b W.W. Norton,   |c c2003 
300 |a xxxiv, 379 σ.;  |c 24 εκ. 
504 |a Περιλαμβάνει βιβλιογραφικές παραπομπές και ευρετήριο 
610 2 0 |a Enron Corp.  |x Accounting. 
650 0 0 |a Globalization. 
651 0 |a United States  |x Economic conditions  |y 1981-2001. 
651 0 |a United States  |x Economic conditions  |y 1993-2001. 
852 |a INST  |b CHIOS  |e 20081124  |h 330.9730929 STI  |p 005200030790  |q 005200030790  |t BK  |y 0 
901 |a BIBL2-2008-3 
909 |a Χ  |b 153779 
922 |a 2ΕΛΗ  |b 200809  |c ΕΠΕΑΕΚ2/ΤΔΕ  |d Ι. ΜΙΧΑΛΟΠΟΥΛΟΣ 
970 |a ΒΑΣΙΛΑΚΗ  |b ΝΙΚΗ  |z 2008/11/24